Complete the film title (Charlie Chaplin) - Statistics

General Stats
  • This quiz has been taken 12 times
  • The average score is 7 of 15
Answer Stats
Film Title % Correct
Modern {Times} (1936)
100%
A Countess from Hong {Kong} (1967)
92%
City {Lights} (1931)
92%
The Great {Dictator} (1940)
92%
A King in New {York} (1957)
83%
The Gold {Rush} (1925)
67%
A Dog's {Life} (1918)
58%
Pay {Day} (1922)
33%
Monsieur {Verdoux} (1947)
17%
Shoulder {Arms} (1918)
17%
A Woman of {Paris} (1923)
8%
A Day's {Pleasure} (1920)
0%
Easy {Street} (1917)
0%
Kid Auto Races At {Venice} (1914)
0%
The Idle {Class} (1921)
0%
No matching quizzes found
Score Distribution
Percent of People with Each Score
Percentile by Number Answered
Your Score History
You have not taken this quiz